| 000 | 01084cam a2200385Ia 4500 | ||
|---|---|---|---|
| 001 | 97589 | ||
| 005 | 20230410132823.0 | ||
| 008 | 960322s1995 fr b 001 0 fre d | ||
| 035 | _a(OCoLC)ocm34432220 | ||
| 040 |
_aSRT _cSRT _dGZQ _dWAU _dNLGGC _dLVB |
||
| 020 | _a2070327604 | ||
| 020 | _a9782070327607 | ||
| 029 | 1 |
_aNLGGC _b153067527 |
|
| 029 | 1 |
_aNZ1 _b12256630 |
|
| 035 | _a(OCoLC)34432220 | ||
| 050 | 1 | 4 |
_a1erAPT1erB172 _bH131q 1995 |
| 082 | 0 | 4 |
_a180 _bHAD |
| 084 |
_a08.21 _2bcl |
||
| 049 | _aGRAL | ||
| 100 | 1 | _aHadot, Pierre. | |
| 245 | 1 | 0 |
_aQu'est-ce que la philosophie antique? / _cPierre Hadot. |
| 260 |
_a[Paris] : _bGallimard, _cc1995 |
||
| 300 |
_a461 p. ; _c18 cm. |
||
| 490 | 0 |
_aCollection Folio/essais ; _v280 |
|
| 504 | _aIncludes bibliographical references and indexes. | ||
| 650 | 7 |
_aPhilosophie ancienne. _2ram |
|
| 650 | 0 | _aPhilosophy, Ancient. | |
| 650 | 1 | 7 |
_aFilosofie. _2gtt |
| 650 | 1 | 7 |
_aKlassieke oudheid. _2gtt |
| 650 | 6 | _aPhilosophie ancienne. | |
| 650 | 6 | _aPhilosophie. | |
| 942 | _2lcc | ||
| 946 | _amjcruz | ||
| 994 |
_aC0 _bDRFGD |
||
| 999 |
_c88332 _d88332 |
||